Quantities and measurements (Record no. 121373)
[ view plain ]
| 000 -LEADER | |
|---|---|
| fixed length control field | 00668nam a22002177a 4500 |
| 001 - CONTROL NUMBER | |
| control field | 121373 |
| 008 - FIXED-LENGTH DATA ELEMENTS--GENERAL INFORMATION | |
| fixed length control field | 230215s1882 xxk||||| |||| 00| 0 eng d |
| 041 ## - LANGUAGE CODE | |
| Language code of text/sound track or separate title | eng |
| 050 ## - Library of Congress Classification | |
| Class mark | 692 |
| 245 ## - TITLE STATEMENT | |
| Title | Quantities and measurements |
| Subtitle | How to calculate and take them the workman's guide |
| 250 ## - EDITION | |
| Edition statement | 5th |
| 260 ## - PUBLICATION INFORMATION | |
| Place of publication | London, |
| Publisher | Crosby Lockwood and Co, |
| Date | 1878 |
| 300 ## - PHYSICAL DESCRIPTION | |
| Physical description | 107 |
| Other physical details | illus., diagrs. |
| Dimensions | 18cm x 11cm |
| 490 ## - SERIES TITLE | |
| Series statement | Weale's Rudimentary Series |
| 500 ## - GENERAL NOTE | |
| General note | Donated by Mel Arnott of Cross & Hall chartered quantity surveyors |
| 650 ## - KEYWORDS | |
| Keywords | MEASUREMENT |
| 651 ## - SUBJECT ADDED ENTRY--GEOGRAPHIC NAME | |
| Geographic name | United Kingdom |
| 690 ## - BROAD SUBJECT | |
| 9 (RLIN) | 6263 |
| Broad subject | Quantity surveying |
| 700 ## - ADDED PERSONAL NAME | |
| Added personal author | Beaton, Alfred |
| 942 ## - ADDED ENTRY ELEMENTS (KOHA) | |
| Suppress in OPAC | Do not suppress in OPAC |
| Lost status | Damaged status | Not for loan | Home library | Current library | Shelving location | Date acquired | Source of acquisition | Total Checkouts | Full call number | Date last seen | Price effective from | Koha item type |
|---|---|---|---|---|---|---|---|---|---|---|---|---|
| Historic collection | Historic collection | Basement | 15/02/2023 | Donated | 692 | 15/02/2023 | 15/02/2023 | Book |